Geography Quiz

Random Geography or Blitz Quiz

Country on a Map Per Letter: Europe Quiz Stats

 Plays Quiz Updated Apr 15, 2021

Support Sporcle.
Go Orange.
Score 0/47 Timer 01:00
2 Plays Today
% Correct
Finland
93.6%
France
93.6%
Iceland
92.2%
Ireland
92.2%
Italy
92.2%
Germany
92.1%
Greece
92.1%
San Marino
90.3%
Serbia
90.3%
Slovakia
90.3%
Slovenia
90.3%
Spain
90.3%
Sweden
90.3%
Switzerland
90.3%
Poland
87.4%
Portugal
87.4%
Belarus
87.2%
Belgium
87.2%
Bosnia and Herzegovina
87.2%
Bulgaria
87.2%
North Macedonia
83.4%
Netherlands
83.3%
Norway
83.3%
Ukraine
83.1%
% Correct
United Kingdom
83.1%
Albania
81.6%
Andorra
81.6%
Austria
81.6%
Croatia
80%
Cyprus
80%
Czechia
80%
Romania
79.5%
Russia
79.5%
Latvia
78.6%
Liechtenstein
78.6%
Lithuania
78.6%
Luxembourg
78.6%
Malta
72.7%
Moldova
72.7%
Monaco
72.7%
Montenegro
72.7%
Estonia
67.8%
Denmark
67.2%
Turkey
62.5%
Hungary
51.5%
Vatican City
42.5%
Kosovo
41.9%

You're not logged in!

Compare scores with friends on all Sporcle quizzes.
OR
Log In

From the Vault

Sports by Cupcake

by timmylemoine1

We never thought sports could be so sweet.
Remove Ads.
Support Sporcle.
Get the best of Sporcle when you Go Orange. This ad-free experience offers more features, more stats, and more fun while also helping to support Sporcle. Thank you for becoming a member.

Show Comments

Extras

Top Quizzes Today


Score Distribution

Your Account Isn't Verified!

In order to create a playlist on Sporcle, you need to verify the email address you used during registration. Go to your Sporcle Settings to finish the process.

Report this User

Report this user for behavior that violates our Community Guidelines.

Details: